| 000 | 00760nam a2200241Ia 4500 | ||
|---|---|---|---|
| 003 | OSt | ||
| 005 | 20220925232539.0 | ||
| 006 | a|||||r|||| 00| 0 | ||
| 007 | ta | ||
| 008 | 220923b |||||||| |||| 00| 0 eng d | ||
| 037 | _cGeneral Book | ||
| 040 |
_aRTL _cRTL _beng |
||
| 041 |
_2eng _aeng |
||
| 082 | _aX9:2.2.N9, P0/GD | ||
| 100 |
_aTrivedi P _9297451 |
||
| 245 | 0 | _aProductivity in major manufacturing industries in india. 1973-74 to 1997-98 | |
| 260 |
_aMumbai _bR B I India _c2000 |
||
| 300 |
_a100p Bibliography: P 95-100 _ccm. |
||
| 490 | _aReserve Bank of India; Development Research Group Studiy; 20 | ||
| 650 | _aIndustrial Economics | ||
| 942 |
_hX9:2.2.N9, P0/GD _cGB _2CC |
||
| 999 |
_c591595 _d591595 |
||